000
00198 a2200097 4500
001
4057
100
_a
Perkins, W T
245
_a
Radio-communications
260
_a
_b
Newnes
_c
090
_c
3277
_d
3277
942
_a
NUST-CAE
_c
M
_c
25302
999
_c
239130
_d
239130